| 000 | 01118nam a22003257a 4500 | ||
|---|---|---|---|
| 003 | CHAP | ||
| 005 | 20220817042539.0 | ||
| 008 | 971013s1987 r 00010 d | ||
| 010 | _a47781 | ||
| 011 | _a48753 | ||
| 035 | _a52899 | ||
| 040 | _cCHAP | ||
| 082 |
_a634.9 _bR47 |
||
| 100 | 0 | 0 |
_aReynel, Carlos. _997071 |
| 245 |
_aAgroforestación tradicional en los Andes del Perú _b: un inventario de tecnologías y especies para la integración de la vegetación leñosa a la agricultura |
||
| 260 |
_a(Lima) : _bInstituto Nacional Forestal y de la Fauna, _c1987 |
||
| 300 |
_a154 p. _b: ilus. |
||
| 590 |
_aBATCH-UPD _b10 _c20130110 _lUCH01 _h1030 |
||
| 590 |
_aBATCH-UPD _b10 _c20130410 _lUCH01 _h0633 |
||
| 590 |
_aBATCH-UPD _b10 _c20130913 _lUCH01 _h2206 |
||
| 590 |
_aCONVERSION _b10 _c20130109 _lUCH01 _h1326 |
||
| 650 | 1 | 4 |
_aAgricultura y ganadería. _92074 |
| 650 | 1 | 4 |
_aAgroforestería. _92156 |
| 650 | 1 | 4 |
_aBosques _xPerú. _914361 |
| 700 | 0 |
_aFelipe-Morales, Carmen. _940002 |
|
| 710 | 0 | _aFAO. | |
| 901 | _aBK | ||
| 942 | _cLIBRO | ||
| 949 |
_a634.9 R47 _bBC _cLIBRO _d33724000221537 _eLIBRO _h72682 _i52899 _mD _si |
||
| 999 |
_c47781 _d47781 |
||